00735nam a2200217Ia 4500003000900000008004100009020001700050040001600067080001600083100002900099245006400128260006300192300001400255650003000269650002800299650002700327650004900354942000700403999001500410952009200425IN-BaIIA211028s9999 xx 000 0 eng d a0-7065-11034 cIIA Library a535.33bSUS aSushchinskii, M. M98329 0aRaman spectra of molecules and CrystalscM. M. Suchchinskii aNew YorkbIsrael Program for Scientific Translationsc1972 aix, 446p. a Molecular Spectra98330 a Raman Spectra 98331 a Spectroscopy 97837 aAstronomy and Astrophysics Thesaurus 91143 cBK c4705d4705 00104070aBANbBANcGENd1975-04-19l0o535.33/ SUSp5258r2021-11-05w1975-04-19yBK